| 000 | 00573nam a22001937a 4500 | ||
|---|---|---|---|
| 003 | DO-SdBNP | ||
| 005 | 20180313131359.0 | ||
| 008 | 160511b2004 dr||||| |||| 00| 0 spa d | ||
| 040 |
_aBPMSU _bspa _cBPMSU |
||
| 100 | _aVentura, Eduardo | ||
| 245 |
_aMatemática superior 1 : _bmanual de prácticas / _cEduardo Ventura |
||
| 250 | _a2a. ed. | ||
| 260 |
_aSanto Domingo : _bUniversidad Católica Santo Domingo _c2004 |
||
| 300 |
_a99 p. : _bil. : _c28 cm |
||
| 700 | _aMorel, Roberto | ||
| 942 |
_2ddc _cBK |
||
| 945 | _aInventariado / 2018 VM | ||
| 956 | _adaysi garcia | ||
| 999 |
_c10074 _d10074 |
||